000 00947cad a22002055a 4500
001 L150877
008 100909s20100909xxk f 000 0 eng d
035 _a(Sirsi) u150877
041 0 _aeng
050 0 4 _a333.33 $2 18
110 2 _aLloyds Banking Group
_95822
245 0 0 _aHalifax house price index
_bAugust 2010
_h[electronic resource]
260 _aLondon
_bLloydsbankinggroup
_c2010
520 _aUnited Kingdom house prices increased by 0.2% in August 2010 which together with July 2010's rise, has reversed much of the modest decline in the three preceding months. Predicts that UK house prices will remain static overall in 2010.
590 _aKA
651 4 _aUnited Kingdom
_y
690 _aPROPERTY-RESIDENTIAL PROPERTY-RESIDENTIAL PROPERTY MARKET
856 4 0 _uhttps://www.lloydsbankinggroup.com/media/pdfs/research/2010/HousePriceIndexAugust2010.pdf
_zView this item free of charge at www.lloydsbankinggroup.com
942 _n0
999 _c111004
_d111004